Science Quiz

Random Science or Clickable Quiz

Medical Prefixes Quiz Stats

 Plays Quiz not verified by Sporcle

Score 0/48 Timer 20:00
0 Plays Today
% Correct
Before
80.9%
Many
79.6%
False
78.1%
Three
78.1%
One
77%
Bad
76.6%
Four
76%
Two, Double
75.2%
Slow
75.2%
Large
75%
Around
74.5%
Small
73.5%
Half
72.5%
Both
71.9%
New
71.4%
Backwards
71.4%
Fast
71.4%
Away from
70.6%
Below
69.9%
Toward
69.2%
No
68.1%
Twice
67%
First
66.8%
All
65.8%
% Correct
Good
65.7%
Out, Away From
65.4%
Across
65.3%
None
63.8%
above, beyond
62.8%
In
62.4%
Short
62.1%
Together
61.7%
Excessive
61.3%
Middle
61.2%
Apart
61%
Between
60.5%
Inner
59.1%
Down
56.4%
Painful
55.9%
Within
55.6%
Beyond, change
54.1%
Beside
53.6%
upper, above
53.6%
Through
52.6%
Little
52.6%
Not
50.5%
Deficient
44.4%
Annulment
41.3%

You're not logged in!

Compare scores with friends on all Sporcle quizzes.
OR
Log In

Sporcle TV

Today on Sporcle TV


Watch our educational content, quiz creation guides, and fun videos on Sporcle TV.

Show Comments

Extras

Top Quizzes Today


Score Distribution

Your Account Isn't Verified!

In order to create a playlist on Sporcle, you need to verify the email address you used during registration. Go to your Sporcle Settings to finish the process.

Report this User

Report this user for behavior that violates our Community Guidelines.

Details: